Geometry Dash Unrated Demonlist - Statistics

General Stats
  • This quiz has been taken 27 times
    12 since last reset
  • The average score is 26 of 149
Answer Stats
# Publisher Verifier Answer % Correct
1 CairoX Zoink Thinking Space II
88%
4 sincos seels55 Aquamarine
75%
5 OddMod Zoink Ashley Wave Trials
63%
16 BradenbowlPro Bradenbowl Blind Blizzard
63%
3 Blankb Zoink Quanteuse processing
63%
2 Nick24 ad3us Sakupen circles (Unnerfed)
63%
12 TrusTa Zoink Unnerfed Yatagarasu
63%
6 Exen Dils thik Abyss of Darkness (Old)
50%
7 Akunakunn DiamondSplash Based After Based
50%
15 BradenbowlPro Bradenbowl Sightless Sandstorm
50%
8 Galaxium Zoink Defeated Circles
38%
18 Compendium paqoe Element 111 Rg
38%
11 TheRealSailent Whizkid05 Silent poltergeist
38%
14 TeamTheDashers Zoink Through The Gates
38%
13 eandis eandis True Innards (Unnerfed)
38%
51 AGSEcho AGSEcho Buffbath
25%
25 zander12 LordVadercraft Centipede
25%
27 Stellar Whizkid05 CONVULSION
25%
73 Tygrysek SebasLopez Deimos
25%
88 Sevant Sevant Diabolic ClubStep
25%
56 gdmiracle Glow Dreamopolis
25%
9 legoyoshi3 Cursed Exens limit
25%
20 GDSkele TFIBB Silentlocked
25%
59 Compendium Glow Theory of Darkness (Unnerfed)
25%
78 duaaal MostDefinitelyAlbert Unnerfed Blade of Justice
25%
46 LordVadercraft LordVadercraft Unnerfed RUTHLESS
25%
122 jakerz95 Joaquemix WOODKID
25%
70 Mentrillium Mentrillium Abandoned Corridor
13%
57 Clara Clara Abicto
13%
60 Clara Clara Abocto
13%
72 CringeLord GD Serpentical Achenus
13%
125 Nexel Nexel Acrise (Old)
13%
130 LevelsBackup Clara Aerial Gleam (Old)
13%
50 mewtwo557 Mewtwo557 Aftermath v2
13%
132 Ego11 LordVadercraft Akuma
13%
109 kwipkat Karmakaze angels trumpet
13%
135 AlbinoSnail DNM121 azure blast
13%
34 KrNati KrNati Battle of the Shades (Phase 4)
13%
107 bimms bimms BIMS MADNESS V47
13%
123 ViperVenom95 ViperVenom95 birde
13%
86 WoofelGD Breakcore Breakcore
13%
84 Goanga Goanga Broken Tube
13%
139 Vortrox Esoteric Hydra Buff Out
13%
93 LordVadercraft LordVadercraft Cannon Bay
13%
118 LordVadercraft Surpl3x Cerise Cavern
13%
117 Hypercatto Zosmic CHEMICALHEAD
13%
90 Hipo Hipo Cosmic Cyclone (Old)
13%
83 Segami BreadGuyGD Cromatic Varius
13%
42 IcEDCave UFokinWotM8 Crystal Edge
13%
80 Fladalt ALiveWizard C Sharp
13%
98 invictt exsii Cyclone Machine
13%
37 Etheriall Wooshi DEATHWISH
13%
41 zYuko Whizkid05 Decks Dark
13%
106 therealMIEP Johnlikesdiamond Demons
13%
136 LowercaseChan Wyse Der Kaiser
13%
64 GmdCubercube fusion425 Disturb
13%
97 btLisp Hover DOOM
13%
55 SumoMonke karmakaze E N D
13%
100 SeptaGon7 Hipo Enjoy
13%
54 noshitgamezz veshel Eternal Flame
13%
30 Hyperlith Hyperlith ETERNALtheory
13%
75 SlendStone Ronrjkw Exceptional
13%
92 Kotovskuy Sevant ExtraSonic
13%
119 Skyyee WatchPiggy FACESHOPPING
13%
101 STARxd paranoiacAK Fate
13%
134 SkoeGMD Lukie FLAMETHROWER
13%
96 MatheDeath SpirteX Forsaken Hell
13%
67 foopoa Destroyer Fracture (foopoa)
13%
115 ItsxEcho Tombstone Fracture (ItsxEcho)
13%
43 YoGurt4 turtl Funky Amalgamation
13%
114 OniLinkGD Blitzer Galeforce
13%
137 PoopJohnson Cryonix GodZilla Vs KingKong
13%
77 DaGYT DaGYT Graceful
13%
138 MLGMemeMachine Fusion425 greasy ass 6
13%
104 Farva fusion425 Haunted Corridor
13%
26 Unbipentium w3rty Hazard Duty Pay
13%
79 SouljaBoyCrankD SnowBallerr Hazardous Haste
13%
127 Byleom kakol HEAVY MACHINERY
13%
108 PLoLek Gokill Henken
13%
71 takmaster takmaster Hitorigoto
13%
149 APTButAwesome zilucy Hugh Fish
13%
81 KAAPZZ serpentical H U R T
13%
105 SnapShock fusion425 Iceberg
13%
120 Devilism Shyv IMFACTORY
13%
44 CairoX Victurkey Infinite Chaos
13%
48 Serpentical Serpentical iridescent
13%
33 Bedrock CaveMelv Itsumade
13%
128 Brittank88 DaGYT Joyous Serration
13%
116 jcack nintenfox Juggernaut
13%
140 Vortrox Esoteric Hydra Jumper X
13%
66 AVALANCHA121 LordVadercraft Katarsis
13%
19 Wwoold Trick KOCMOC Trick
13%
144 DarkTD Bamvie Lavender Caverns
13%
47 Swib Dragoon Levigo
13%
24 Yossarian seels55 Map of Problematique
13%
95 paranoiacAK paranoiacAK Mega Epic Theory
13%
32 Serpentical Serpentical M I S F O R T U N E
13%
110 kbar66 kbar66 Mona Megistus
13%
35 zYuko TFIBB Moonflower
13%
94 S3rios cobrablitz Multiplicity
13%
143 aidaboo10 AidanTR Naracton Diablo X
13%
28 GammaReXx Helix Natural Disaster
13%
17 elpitosGD manu Nautical Nebula
13%
36 praivet MostDefinitelyAlbert Netherix
13%
74 rinjello rinjello No Love
13%
21 ReeseVT Laniakea NOMAD
13%
85 BoN4iK1772 Bonngd Nostalgia
13%
69 GDMeric GDMeric p00p
13%
91 amplitron amplitron paranoia
13%
129 Du72 Clara Parpassucus Clubstep
13%
61 dpoopoop SoggyDash Peaceful Mode
13%
68 zYuko zLevii Plastic Death
13%
126 zDeadblue TFIBB Psychotogenic
13%
150 GDNachoo SpeedyMuffin Ringy Paracosm
13%
38 Noname288gg Noname288gg Riots Demise
13%
58 Bimms ZazaGD ROCKBOTTOM
13%
112 TeamRamRanch nebnoob Sagittarius
13%
31 TrotskyGd nensa Sakupen Circles FI
13%
82 VagrantXII, Nick24 Xanii Sakupen Trials
13%
102 Nick eleek Sephiroth
13%
124 fusion425 fusion425 severence
13%
148 ScriptedNil NLShorty Shattered Realities
13%
53 fusion425 fusion425 Skystrike
13%
22 amplitron amplitron Snowbound
13%
142 Oktavian Hipo Sound wave destroyer (Unnerfed)
13%
45 HangerLord fusion425 Spectrolux
13%
121 BlanketAddict BlanketAddict Stacker Ultimate
13%
40 IcEDCave Tuggy75 Stellar Night
13%
103 zLettuce zLettuce Surface
13%
145 FloomeeGMD Arshadow The Abyss
13%
39 Cersia Slithium The Catacombs
13%
131 Compendium SeptaGon7 The JanuS Miracle2p1
13%
89 nayf Timo The Nautical
13%
49 VxMaster VxMaster The Only Wish
13%
65 pla Dragoon THE ROCK HOUSE
13%
29 NiCkNaMe09 NiCkNaMe09 The Salt Factory
13%
52 HangerLord Helix The Wonder of You
13%
111 HappyMoby Arshadow Time Lapse
13%
133 btLisp Baeru twocu
13%
141 DilmaRousseff Hipo Uneswarc
13%
62 KYWY Emp UNKNOWN (Old)
13%
63 Electro2001 SeptaGon7 Unnerfed Cyclone Machine
13%
87 Seturan Yumira Unnerfed Visible Ray
13%
146 NotNickOk NotNickOk Volcanic Gleam
13%
113 MarbieTizon Guille N.S VOPE
13%
99 PLAY 4075365 exsii vortex
13%
10 PPPixel PPPixel WOKE circles
13%
147 Zisthik IcaroX Xenolith
13%
76 SaturMan Bonngd Zirconium Misery
13%
No matching quizzes found
Score Distribution
Percent of People with Each Score
Percentile by Number Answered
Your Score History
You have not taken this quiz since the last reset